Visualizzazione normale
Vista MARC
- Davanzo R.
di Personal Name
Records bibliografici associati: 1
001 - CONTROL NUMBER
- control field: 59068
003 - CONTROL NUMBER IDENTIFIER
- control field:
005 - DATE AND TIME OF LATEST TRANSACTION
- control field: 20211007150402.0
008 - FIXED-LENGTH DATA ELEMENTS
- fixed length control field: 211007|| aca||aabn | a|a d
040 ## - CATALOGING SOURCE
- Original cataloging agency:
- Transcribing agency:
100 ## - HEADING--PERSONAL NAME
- Personal name: Davanzo R.
- Personal name: Ambrosetti S.
- Personal name: Radaelli L.
- Personal name: Trevisi G.
- Personal name: Fumagalli G.
- Personal name: Malfatti N.
- Personal name: Radice L.
- Personal name: Minelli M
670 ## - SOURCE DATA FOUND
- Source citation: Work cat.: (): Zandrini Sara, Pattarini Claudia (a cura di) 59067, Prossimi alla cittadinanza, 2007